| 000 | 00809nam a22002057a 4500 | ||
|---|---|---|---|
| 999 |
_c7899 _d7899 |
||
| 003 | AR-CdUCM | ||
| 008 | 190321b ||||| |||| 00| 0 spa d | ||
| 040 |
_aMUNICIPALIDAD PROVINCIAL DEL CUSCO _cBIBLIOTECA MUNICIPAL DEL CUSCO |
||
| 082 |
_a616.86 / _bC17 |
||
| 100 |
_aLaguna Alranca, Demetrio _922333 |
||
| 245 |
_aLos Peligros del Tabaco : _bY las enfermedades que produce / |
||
| 260 |
_aBarcelona : _bSINTES S.A , _c1973. |
||
| 300 |
_a132 páginas ; _c18 cm. |
||
| 505 | _aContenido : Algo de historia del tabaco -- Extension del vicio de fumar -- Proque se fuma -- Toxicidad del tabaco -- El perjuicio del tabaco en funcion de factores diversos... | ||
| 650 |
_aToxicidad _922334 |
||
| 650 |
_aVicios Congenitos _922335 |
||
| 650 |
_aHistoria del Tabaco _922336 |
||
| 942 |
_2ddc _cLIBROS |
||
| 945 | _artm | ||